000 00587nam a22002057a 4500
003 OSt
005 20260213011917.0
008 260213b |||||||| |||| 00| 0 eng d
020 _a9780600618652
040 _aDWCL-Main Lib
_cOC
082 _aCirc. 635.22 Sm651 2009
100 _aSmith, Joana
245 _a200 no-work garden ideas
260 _aLondon :
_bHamlyn,
_cc2009
300 _a240 p. :
_bcolor illustrations,
_c17 cm.
490 _aHamlyn all colour gardening.
504 _a1. Includes index.
650 _aLow maintenance gardening.
942 _2ddc
_cBK-CIRC
_mCirc.
_n0
999 _c8386
_d8386